<?xml version="1.0" encoding="UTF-8"?>
<record
    xmlns:xsi="http://www.w3.org/2001/XMLSchema-instance"
    xsi:schemaLocation="http://www.loc.gov/MARC21/slim http://www.loc.gov/standards/marcxml/schema/MARC21slim.xsd"
    xmlns="http://www.loc.gov/MARC21/slim">

  <leader>00633nam a2200193Ia 4500</leader>
  <controlfield tag="003">OSt</controlfield>
  <controlfield tag="005">20260218102020.0</controlfield>
  <datafield tag="020" ind1=" " ind2=" ">
    <subfield code="a">0-435-28006-6</subfield>
  </datafield>
  <datafield tag="040" ind1=" " ind2=" ">
    <subfield code="c">LC</subfield>
  </datafield>
  <datafield tag="050" ind1=" " ind2=" ">
    <subfield code="a">PE 1128 .A2 C 86 1988</subfield>
  </datafield>
  <datafield tag="100" ind1=" " ind2=" ">
    <subfield code="a">CUNNINGSWORTH ,ALAN</subfield>
  </datafield>
  <datafield tag="245" ind1=" " ind2="0">
    <subfield code="a">EVALUATING AND SELECTING EFL TEACHING MATERIALS: WITH A GLOSSARY OF BASIC EFL TERMS  </subfield>
  </datafield>
  <datafield tag="260" ind1=" " ind2=" ">
    <subfield code="a">LONDON,</subfield>
    <subfield code="b">HEINEMANN EDUCATIONAL BOOKS,</subfield>
    <subfield code="c">1988,</subfield>
  </datafield>
  <datafield tag="300" ind1=" " ind2=" ">
    <subfield code="a">104 P, ILL</subfield>
  </datafield>
  <datafield tag="500" ind1=" " ind2=" ">
    <subfield code="a">INCLUDES BIBLIOGRAPHICAL REFERENCES AND INDEX</subfield>
  </datafield>
  <datafield tag="650" ind1=" " ind2=" ">
    <subfield code="a">1.ENGLISH LANGUAGE-STUDY AND TEACHING-FOREIGN SPEAKERS 2. TEACHING-AIDS AND DEVICES</subfield>
  </datafield>
  <datafield tag="700" ind1=" " ind2=" ">
    <subfield code="a">TOMLINSON BRIAN</subfield>
  </datafield>
  <datafield tag="942" ind1=" " ind2=" ">
    <subfield code="c">BK</subfield>
    <subfield code="2">lcc</subfield>
  </datafield>
  <datafield tag="999" ind1=" " ind2=" ">
    <subfield code="c">173753</subfield>
    <subfield code="d">173753</subfield>
  </datafield>
  <datafield tag="952" ind1=" " ind2=" ">
    <subfield code="0">0</subfield>
    <subfield code="1">0</subfield>
    <subfield code="2">lcc</subfield>
    <subfield code="4">0</subfield>
    <subfield code="7">0</subfield>
    <subfield code="8">ARTS</subfield>
    <subfield code="a">KSUL</subfield>
    <subfield code="b">KSUL</subfield>
    <subfield code="c">DISPLAY</subfield>
    <subfield code="d">2024-05-14</subfield>
    <subfield code="i">19583</subfield>
    <subfield code="l">0</subfield>
    <subfield code="o">PE 1128 .A2 C86 1984</subfield>
    <subfield code="p">048063</subfield>
    <subfield code="r">2024-05-14 14:37:07</subfield>
    <subfield code="t">1</subfield>
    <subfield code="w">2024-05-14</subfield>
    <subfield code="y">BK</subfield>
  </datafield>
  <datafield tag="952" ind1=" " ind2=" ">
    <subfield code="0">0</subfield>
    <subfield code="1">0</subfield>
    <subfield code="2">lcc</subfield>
    <subfield code="4">0</subfield>
    <subfield code="7">0</subfield>
    <subfield code="8">ARTS</subfield>
    <subfield code="a">KSUL</subfield>
    <subfield code="b">KSUL</subfield>
    <subfield code="c">DISPLAY</subfield>
    <subfield code="d">2024-05-14</subfield>
    <subfield code="i">19582</subfield>
    <subfield code="l">0</subfield>
    <subfield code="o">PE 1128 .A2 C86 1984</subfield>
    <subfield code="p">048062</subfield>
    <subfield code="r">2024-05-14 14:37:00</subfield>
    <subfield code="t">3</subfield>
    <subfield code="w">2024-05-14</subfield>
    <subfield code="y">BK</subfield>
  </datafield>
</record>
